El flautista de Hamelin. (Registro nro. 12488)
[ vista simple ]
| 000 -LIDER | |
|---|---|
| fixed length control field | 00688cam a2200265 i 4500 |
| 003 - IDENTIFICACDOR DE NÚMERO DE CONTROL | |
| control field | DO-SdBPM |
| 005 - DATE AND TIME OF LATEST TRANSACTION | |
| control field | 20250310084115.0 |
| 008 - ELEMENTOS DE LONGITUD FIJA | |
| fixed length control field | 100514s 19uu sp a | |||| 000 f spa |
| 015 ## - NÚMERO DENTRO DE LA BIBLIOGRAFÍA NACIONAL | |
| National bibliography number | |
| 017 ## - NÚMERO DE REGISTRO DE DERECHOS DE AUTOR | |
| Copyright or legal deposit number | |
| Assigning agency | |
| 020 ## - ISBN | |
| International Standard Book Number | 8474530612 |
| 035 ## - NÚMERO LOCAL | |
| System control number | |
| 040 ## - FUENTE DE CATALOGACIÓN | |
| Agencia que crea de manera original el registro | |
| Idioma de catalogación | spa |
| Agencia que realiza la transcripción | BPMSU |
| Convenciones de la despripción | |
| 080 ## - NÚMERO DE CLASIFICACIÓN DECIMAL UNIVERSAL | |
| Universal Decimal Classification number | |
| 082 #4 - NÚMERO DE CLASIFICACIÓN DECIMAL DE DEWEY | |
| Classification number | 808.83 |
| Item number | F587ha |
| Edition number | 22 |
| 245 03 - MENCIÓN DE TITULO | |
| Título | El flautista de Hamelin. |
| Medio (Designación general de material) | |
| 260 ## - PUBLICACIÓN, DISTRIBUCIÓN, ETC. (PIE DE IMPRENTA) | |
| Lugar de publicación, distribución, etc | Bilbao, España : |
| Nombre del editor, distribuidor, etc. | Fher, |
| Fecha de publicación, distribución, etc | [190-?]. |
| 300 ## - DESCRIPCIÓN FÍSICA | |
| Extensión | [8] p.: |
| Otros detalles físicos | il. |
| Dimensiones | 26 cm. |
| 490 0# - MENCIÓN DE SERIES | |
| Mención de serie | Clásicos, |
| Volume/sequential designation | 4 |
| 590 ## - NOTA LOCAL | |
| Texto de la nota local | Inventariado, 2025/VM |
| 650 #4 - ENCABEZAMIENTO DE MATERIA--TEMÁTICO | |
| Término temático o nombre geográfico como elemento de entrada | Cuentos infantiles |
| 650 #4 - ENCABEZAMIENTO DE MATERIA--TEMÁTICO | |
| Término temático o nombre geográfico como elemento de entrada | Libros ilustrados para niños |
| 910 ## - VALIDACIÓN | |
| Validación | VMateo V. Control de calidad. BPMSU |
| 942 ## - ADDED ENTRY ELEMENTS (KOHA) | |
| Source of classification or shelving scheme | Dewey Decimal Classification |
| Koha item type | Libros |
| Withdrawn status | Lost status | Source of classification or shelving scheme | Damaged status | Not for loan | Collection code | Home library | Current library | Date acquired | Source of acquisition | Total Checkouts | Full call number | Barcode | Date last seen | Price effective from | Koha item type |
|---|---|---|---|---|---|---|---|---|---|---|---|---|---|---|---|
| Dewey Decimal Classification | Colección Infantil General | Biblioteca Pública Metropolitana Salomé Ureña | Biblioteca Pública Metropolitana Salomé Ureña | 01/17/2017 | FUNDI | BPMSU CGI 808.83 F587ha | BPMSU17010068 | 01/17/2017 | 01/17/2017 | Libros |